000 00475nam a2200181Ia 4500
005 20250423101703.0
008 250422s9999 xx 000 0 und d
020 _a9788121927635
050 _aTK 5105 .888 .M42/
100 _aNagpal, D. P.
245 0 _aWeb design technology
250 _a2nd ed.
260 _aNew Delhi
260 _bS.chand & company Ltd.
260 _c2012
650 _a Web sites--Design--Case studies. Web sites--Directories.
942 _cBK
999 _c36982
_d36982